ბათუმის შოთა რუსთაველის სახელმწიფო უნივერსიტეტის ბიბლიოთეკა

From Potter's Field (ბიბ.ჩანაწერი № 44934)

000 -LEADER
fixed length control field 00419nam a2200193Ia 4500
001 - CONTROL NUMBER
control field 11755
003 - CONTROL NUMBER IDENTIFIER
control field GE_BSU
008 - FIXED-LENGTH DATA ELEMENTS--GENERAL INFORMATION
fixed length control field 181216s||||||||xx |||||||||||||| ||und||
040 ## - CATALOGING SOURCE
Transcribing agency GE_BSU
080 ## - UNIVERSAL DECIMAL CLASSIFICATION NUMBER
Universal Decimal Classification number 821.111-312
100 ## - MAIN ENTRY--PERSONAL NAME
Personal name Cornwell,Patricia
245 ## - TITLE STATEMENT
Title From Potter's Field
260 ## - PUBLICATION, DISTRIBUTION, ETC.
Place of publication, distribution, etc. New York
260 ## - PUBLICATION, DISTRIBUTION, ETC.
Name of publisher, distributor, etc. Scribner
260 ## - PUBLICATION, DISTRIBUTION, ETC.
Date of publication, distribution, etc. 1995
300 ## - PHYSICAL DESCRIPTION
Extent 411p.24cm.
653 ## - INDEX TERM--UNCONTROLLED
Uncontrolled term From Potter's Field
942 ## - ADDED ENTRY ELEMENTS (KOHA)
Koha item type წიგნი
ეგზემპლარები
Withdrawn status Lost status Damaged status Not for loan Date acquired Barcode Date last seen Price effective from Koha item type
        2018-12-17 35590 2018-12-17 2018-12-17 წიგნი